Europa und der Stier : ein Orbiculus mit der Darstellung der Europa /

محفوظ في:

المؤلف الرئيسي: Horak, Ulrike (مؤلف)

مؤلف مشترك: Österreichische Nationalbibliothek.

التنسيق: كتاب

اللغة: German

منشور في: Wien : Österreichische Verlagsgesellschaft C. & E. Dworak, c1998.

سلاسل: Nilus ; 2.

الموضوعات:

الوسوم: إضافة وسم

لا توجد وسوم, كن أول من يضع وسما على هذه التسجيلة!

رقم الطلب: N7763 .E87 H67 1998

LEADER 01042namaa2200301 4500
001 25257
003 OSt
005 20250828114835.0
008 130303s1998 au af b 001 0 ger d
010 |a 99485196 
020 |a 3214000926 
040 |c ARCE Library 
041 0 |a ger  |b eng 
050 4 |a N7763 .E87 H67 1998 
100 1 |a Horak, Ulrike,  |e author  |9 32254 
245 1 0 |a Europa und der Stier :   |b ein Orbiculus mit der Darstellung der Europa /   |c Ulrike Horak ; with an English summary / translated by Rosemary Moravec. 
264 1 |a Wien :   |b Österreichische Verlagsgesellschaft C. & E. Dworak,   |c c1998. 
300 |a 91, 24 col. plates :   |b illustrations ;   |c 24 cm. 
490 1 |a Nilus ;   |v 2. 
504 |a Includes bibliographical references and index. 
546 |a German with English Summary. 
600 0 0 |a Europa  |c (Greek mythological)  |v Art.  |9 29700 
650 0 |a Textile fabrics, Ancient. 
710 2 |a Österreichische Nationalbibliothek. 
830 0 |a Nilus ;   |v 2. 
901 |a reviewed 
942 |c BK  |2 lcc 
999 |c 21207  |d 21207